[Event "Cheliabinsk (Russia)"]
[Site "?"]
[Date "2004.09.??"]
[Round "?"]
[White "Dvoirys Semen I"]
[Black "Ponkratov Pavel"]
[Result "1/2-1/2"]
[WhiteElo "2615"]
[BlackElo "2413"]
[PlyCount "73"]
[EventDate "2004.??.??"]
[Source "www.chesslib.no"]
[SourceDate "2004.05.04"]

1. e4 e5 2. Nf3 Nc6 3. Bb5 a6 4. Ba4 d6 5. c3 f5 6. exf5 Bxf5 7. d4 e4 8. Ng5 d5 9. f3 h6 10. fxe4 hxg5 11. exf5 Bd6 12. Qf3 Qe7+ 13. Kd1 O-O-O 14. Re1 Qf6 15. Bxc6 bxc6 16. Re6 Qf7 17. Bxg5 Rf8 18. h4 Nh6 19. Bxh6 gxh6 20. Nd2 Rhg8 21. Kc2 Rg3 22. Qf1 Qxf5+ 23. Qxf5 Rxf5 24. Re2 Rf4 25. Rae1 Rxh4 26. Rf1 Rg7 27. Rff2 Rhg4 28. Nb3 Rg8 29. Nc5 Bxc5 30. dxc5 a5 31. Rf6 Rxg2 32. Rxg2 Rxg2+ 33. Kb3 Kb7 34. Rxh6 Rg4 35. a4 Rc4 36. Rg6 Rxc5 37. Rg4 1/2-1/2

[Event "RUS-Cup"]
[Site "Moscow"]
[Date "2000.??.??"]
[Round "5"]
[White "Bezgodov, Alexei"]
[Black "Vorotnikov, Vladislav V"]
[Result "1-0"]
[WhiteElo "2576"]
[BlackElo "2449"]
[PlyCount "87"]
[EventDate "2000.??.??"]
[Source "www.chesslib.no"]
[SourceDate "2004.05.04"]

1. e4 e5 2. Nf3 Nc6 3. Bb5 a6 4. Ba4 d6 5. c3 f5 6. exf5 Bxf5 7. O-O Bd3 8. Re1 Be7 9. Bc2 Bxc2 10. Qxc2 Nf6 11. d4 exd4 12. Qb3 Qd7 13. cxd4 d5 14. Nc3 O-O-O 15. Bf4 Bd6 16. Bg3 Rhe8 17. Ne5 Bxe5 18. dxe5 Nh5 19. Na4 Nd4 20. Qd1 Nxg3 21. Qxd4 Nf5 22. Qd3 g6 23. Qc2 Kb8 24. Nc5 Qc6 25. b4 d4 26. Rad1 Qd5 27. e6 Ka7 28. a4 c6 29. Qd3 Re7 30. Re2 a5 31. Qa3 b6 32. Nd3 Rde8 33. bxa5 Qxa5 34. Ne5 Kb7 35. Nc4 Qc3 36. Qa2 Rxe6 37. Rxe6 Rxe6 38. Na5+ Qxa5 39. Qxe6 Qxa4 40. Qd7+ Ka6 41. Rb1 Ne7 42. Qxe7 c5 43. Qc7 Qa5 44. Qb8 1-0

[Event "Lviv UKR"]
[Site "Lvov UKR"]
[Date "1995.??.??"]
[Round "?"]
[White "Mikhalchishin, Adrian B"]
[Black "Yandemirov, Valeri"]
[Result "1/2-1/2"]
[WhiteElo "2500"]
[BlackElo "2525"]
[PlyCount "51"]
[EventDate "1995.??.??"]
[Source "www.chesslib.no"]
[SourceDate "2004.05.04"]

1. e4 e5 2. Nf3 Nc6 3. Bb5 a6 4. Ba4 d6 5. c3 f5 6. exf5 Bxf5 7. O-O Bd3 8. Re1 Be7 9. Bc2 Bxc2 10. Qxc2 Nf6 11. d4 exd4 12. Nxd4 Nxd4 13. cxd4 Qd7 14. Nc3 O-O 15. Qb3+ d5 16. Bf4 Rac8 17. f3 a5 18. Be5 Bb4 19. Nd1 Rf7 20. a4 Ng4 21. g3 Qd8 22. Kf1 Qg5 23. Kg1 b5 24. Bxc7 Ne3 25. Nc3 Nc2 26. Qc4 1/2-1/2

[Event "Bled op"]
[Site "Bled"]
[Date "1999.03.26"]
[Round "7"]
[White "Sax, Gyula"]
[Black "Miroshnichenko, Evgenij"]
[Result "1-0"]
[WhiteElo "2524"]
[BlackElo "2500"]
[PlyCount "92"]
[EventDate "1999.03.20"]
[Source "ChessBase"]
[SourceDate "1999.05.10"]

1. e4 e5 2. Nf3 Nc6 3. Bb5 a6 4. Ba4 d6 5. c3 f5 6. exf5 Bxf5 7. O-O Bd3 8. Re1 Be7 9. Bc2 Bxc2 10. Qxc2 Nf6 11. d4 e4 12. Ng5 d5 13. f3 h6 14. Nh3 O-O 15. Nd2 exf3 16. Nxf3 Qd7 17. Qg6 Qg4 18. Qxg4 Nxg4 19. Nf4 Rfd8 20. Ne6 Rd7 21. Bf4 Rc8 22. Re2 Nf6 23. Be5 Nd8 24. Nf4 Nf7 25. Rae1 Kh7 26. Bxf6 Bxf6 27. Nh5 Bd8 28. Re8 Nd6 29. Ne5 Re7 30. Rh8+ Kxh8 31. Ng6+ Kh7 32. Nxe7 Ra8 33. Nxd5 c6 34. Ndf4 Bg5 35. Ne6 Nf5 36. Re5 g6 37. Nxg5+ hxg5 38. Nf6+ Kg7 39. Ne4 g4 40. g3 a5 41. Nf2 a4 42. a3 Ra6 43. Nxg4 Rb6 44. Re2 c5 45. dxc5 Rb5 46. Rd2 g5 1-0

[Event "Capablanca mem-A"]
[Site "Cienfuegos"]
[Date "1996.??.??"]
[Round "3"]
[White "Zapata, Alonso"]
[Black "Arencibia, Walter"]
[Result "0-1"]
[WhiteElo "2505"]
[BlackElo "2515"]
[PlyCount "120"]
[EventDate "1996.05.??"]
[Source "ChessBase"]

1. e4 e5 2. Nf3 Nc6 3. Bb5 a6 4. Ba4 d6 5. c3 f5 6. exf5 Bxf5 7. O-O Bd3 8. Re1 Be7 9. Re3 e4 10. Ne1 Bg5 11. Nxd3 Bxe3 12. Nb4 Bxf2+ 13. Kxf2 Qh4+ 14. Kg1 Nh6 15. d4 O-O 16. Qe2 e3 17. Bxe3 Rae8 18. Nd2 Ng4 19. g3 Qxh2+ 20. Qxh2 Nxh2 21. Nd5 Ng4 22. Bb3 Kh8 23. Rf1 Nxe3 24. Nxe3 Rxf1+ 25. Ndxf1 Ne7 26. Kf2 g6 27. Nd2 Kg7 28. Nf3 Rf8 29. Ke2 Nf5 30. Nxf5+ Rxf5 31. Ke3 Rh5 32. Be6 a5 33. b4 Kf6 34. Bb3 b6 35. Nd2 Rh2 36. bxa5 bxa5 37. a4 Rg2 38. Ne4+ Ke7 39. Bd5 Rg1 40. Bc6 Rb1 41. d5 Rg1 42. Bb5 h6 43. Bd3 Rg2 44. Be2 Rg1 45. Kd2 Kf7 46. c4 Ke7 47. g4 Rh1 48. Bf3 Rh2+ 49. Ke3 h5 50. gxh5 gxh5 51. Bd1 h4 52. Nf2 Rg2 53. Bf3 Rg1 54. Nh3 Ra1 55. Nf4 Ra3+ 56. Ke4 Rxa4 57. Kd4 Ra3 58. Be4 h3 59. Ne6 Rg3 60. Nxc7 Rg4 0-1

[Event "Petrov mem"]
[Site "St Petersburg"]
[Date "1996.??.??"]
[Round "1"]
[White "Korneev, Oleg"]
[Black "Yandemirov, Valeri"]
[Result "1-0"]
[WhiteElo "2590"]
[BlackElo "2430"]
[PlyCount "81"]
[EventDate "1996.02.??"]
[Source "ChessBase"]

1. e4 e5 2. Nf3 Nc6 3. Bb5 a6 4. Ba4 d6 5. c3 f5 6. exf5 Bxf5 7. O-O Bd3 8. Re1 Be7 9. Bc2 Bxc2 10. Qxc2 Nf6 11. d4 exd4 12. cxd4 O-O 13. Nc3 Kh8 14. Bg5 Qd7 15. d5 Nb4 16. Qd2 c6 17. dxc6 Nxc6 18. Rad1 Rad8 19. Nd4 Rfe8 20. Ne6 Rc8 21. Nd5 Ne5 22. Nxg7 Kxg7 23. Rxe5 dxe5 24. Nxf6 Qxd2 25. Nxe8+ Rxe8 26. Bxd2 Rd8 27. Kf1 Kf7 28. Ke2 Ke6 29. Rc1 Rg8 30. g3 Kd7 31. Rc4 b5 32. Re4 Bf6 33. Bc3 Ke6 34. f4 Rc8 35. Kf3 Kf7 36. Bxe5 Be7 37. Bc3 Ra8 38. g4 a5 39. a3 Bd6 40. h4 Ra6 41. g5 1-0

[Event "Groningen op"]
[Site "Groningen"]
[Date "1995.??.??"]
[Round "?"]
[White "Mainka, Romuald"]
[Black "Sermek, Drazen"]
[Result "1/2-1/2"]
[WhiteElo "2530"]
[BlackElo "2490"]
[PlyCount "36"]
[EventDate "1995.12.??"]
[Source "ChessBase"]

1. e4 e5 2. Nf3 Nc6 3. Bb5 a6 4. Ba4 d6 5. c3 f5 6. exf5 Bxf5 7. O-O Bd3 8. Re1 Be7 9. Bc2 Bxc2 10. Qxc2 Nf6 11. d4 e4 12. Nfd2 d5 13. f3 exf3 14. Nxf3 O-O 15. Bg5 Ne4 16. Bxe7 Nxe7 17. c4 Nf5 18. cxd5 Ng5 1/2-1/2

[Event "Nova Gorica"]
[Site "Nova Gorica"]
[Date "1996.??.??"]
[Round "5"]
[White "Palac, Mladen"]
[Black "Mestrovic, Zvonimir"]
[Result "1/2-1/2"]
[WhiteElo "2545"]
[BlackElo "2470"]
[PlyCount "44"]
[EventDate "1996.??.??"]
[Source "ChessBase"]

1. e4 e5 2. Nf3 Nc6 3. Bb5 a6 4. Ba4 d6 5. c3 f5 6. exf5 Bxf5 7. O-O Bd3 8. Re1 Be7 9. Bc2 Bxc2 10. Qxc2 Nh6 11. d4 Nf7 12. d5 Nb8 13. c4 O-O 14. Nc3 Nd7 15. Be3 Bg5 16. Nxg5 Nxg5 17. b4 Nf7 18. Rad1 Qh4 19. Ne4 Nf6 20. Nxf6+ Qxf6 21. c5 Nh6 22. Bxh6 Qxh6 1/2-1/2

[Event "White Tower Open 6th"]
[Site "?"]
[Date "2002.12.26"]
[Round "6.1"]
[White "Kotronias Vasilios"]
[Black "Mastrovasilis Athanasios"]
[Result "1/2-1/2"]
[WhiteElo "2561"]
[BlackElo "2452"]
[PlyCount "240"]
[EventDate "2002.??.??"]
[Source "www.chesslib.no"]
[SourceDate "2004.05.04"]

1. e4 e5 2. Nf3 Nc6 3. Bb5 a6 4. Ba4 d6 5. c3 f5 6. exf5 Bxf5 7. O-O Bd3 8. Re1 Be7 9. Bc2 Bxc2 10. Qxc2 Nf6 11. d4 e4 12. Ng5 d5 13. Nd2 h6 14. Nh3 O-O 15. f3 exf3 16. Nxf3 Rf7 17. Nf2 Bd6 18. Bd2 Qf8 19. c4 Nh5 20. Qg6 Nf4 21. Bxf4 Rxf4 22. Ng4 Kh8 23. c5 Be7 24. Nfe5 Nxe5 25. Nxe5 Bf6 26. g3 Bxe5 27. gxf4 Bxd4+ 28. Kh1 Bxb2 29. Rad1 Qxc5 30. Qg2 Bd4 31. Re6 Rf8 32. Qd2 Bc3 33. Qxd5 Qf2 34. Qxb7 Qxa2 35. Rxa6 Qe2 36. Rg1 Bd4 37. Ra8 Rxa8 38. Qxa8+ Kh7 39. Qg2 Qd3 40. Rc1 c5 41. Qc2 c4 42. Kg2 Qxc2+ 43. Rxc2 c3 44. Kf3 Kg6 45. Kg4 Kf6 46. Re2 h5+ 47. Kf3 Kf5 48. Re8 Bf6 49. Rc8 Ke6 50. Ke4 Kd7 51. Rc4 Kd6 52. h3 g6 53. Rc8 Kd7 54. Rc5 Kd6 55. Rc4 Bg7 56. Ra4 Bf6 57. Ra6+ Ke7 58. Kd5 h4 59. Ra7+ Kf8 60. Rc7 Kg8 61. Ke6 Bd4 62. Rc4 Be3 63. Ke5 Bd2 64. Rc7 Kf8 65. Ke4 Ke8 66. Rc4 Kd7 67. Ke5 Bc1 68. Kf6 c2 69. Rxc2 Bxf4 70. Kxg6 Ke6 71. Rc5 Be3 72. Rc4 Bf2 73. Re4+ Kd5 74. Kf5 Bg3 75. Ra4 Bf2 76. Ra2 Be1 77. Re2 Bg3 78. Rd2+ Kc5 79. Ke4 Be1 80. Rd5+ Kc6 81. Ke5 Bf2 82. Ke6 Bg3 83. Rf5 Bd6 84. Rf1 Bg3 85. Rc1+ Kb5 86. Kd5 Kb6 87. Rc2 Bf4 88. Rb2+ Kc7 89. Rf2 Bg3 90. Rf6 Be1 91. Ra6 Bf2 92. Rc6+ Kd7 93. Rf6 Bg3 94. Rf7+ Ke8 95. Ke6 Kd8 96. Rd7+ Kc8 97. Ke7 Bh2 98. Rd4 Bg3 99. Rc4+ Kb7 100. Kd7 Kb6 101. Ke6 Kb5 102. Kd5 Kb6 103. Rc6+ Kb7 104. Kc5 Bf2+ 105. Kb5 Bg3 106. Rc4 Bf2 107. Rf4 Bg3 108. Rc4 Bf2 109. Ka4 Kb6 110. Kb3 Kb5 111. Kc3 Be1+ 112. Kd3 Bf2 113. Rc2 Bg3 114. Ke4 Kb6 115. Kf5 Kb5 116. Kg5 Be1 117. Rc8 Bg3 118. Rc1 Kb4 119. Kg4 Kb5 120. Rc3 Be1 1/2-1/2

[Event "Geneve"]
[Site "Geneva SUI"]
[Date "1977.??.??"]
[Round "13"]
[White "Byrne, Robert E"]
[Black "Westerinen, Heikki M J"]
[Result "1/2-1/2"]
[WhiteElo "2580"]
[BlackElo "2430"]
[PlyCount "80"]
[EventDate "1977.04.??"]
[Source "www.chesslib.no"]
[SourceDate "2004.05.04"]

1. e4 e5 2. Nf3 Nc6 3. Bb5 a6 4. Ba4 d6 5. c3 f5 6. exf5 Bxf5 7. d4 e4 8. Ng5 d5 9. f3 e3 10. f4 Bd6 11. Qf3 Nge7 12. Qxe3 Qd7 13. Nd2 O-O 14. Ngf3 Nb4 15. Bxd7 Nc2+ 16. Kf2 Nxe3 17. Kxe3 Bxd7 18. g3 c5 19. Nb3 b6 20. Kf2 a5 21. Be3 Rab8 22. Rhe1 Nf5 23. Nbd2 Rbe8 24. Rad1 Bb5 25. Nb3 a4 26. Nc1 Re4 27. Nd3 cxd4 28. Bxd4 g5 29. Be5 Bxd3 30. Bxd6 Nxd6 31. Rxd3 gxf4 32. Rxd5 fxg3+ 33. Kxg3 Rxe1 34. Nxe1 Ne4+ 35. Kh3 Rf2 36. Rb5 a3 37. bxa3 Rxa2 38. Rxb6 Rxa3 39. Kg4 Nxc3 40. Nf3 Nd5 1/2-1/2

[Event "EUCup final"]
[Site "Ljubljana"]
[Date "1995.??.??"]
[Round "2"]
[White "Wells, Peter K"]
[Black "Yandemirov, Valeri"]
[Result "1-0"]
[WhiteElo "2545"]
[BlackElo "2460"]
[PlyCount "119"]
[EventDate "1995.12.??"]
[Source "ChessBase"]

1. e4 e5 2. Nf3 Nc6 3. Bb5 a6 4. Ba4 d6 5. c3 f5 6. exf5 Bxf5 7. O-O Bd3 8. Re1 Be7 9. Bc2 Bxc2 10. Qxc2 Nf6 11. d4 exd4 12. cxd4 O-O 13. Nc3 Kh8 14. Bg5 Qd7 15. Rad1 Rae8 16. h3 Bd8 17. d5 Rxe1+ 18. Rxe1 Nb4 19. Qd2 c6 20. dxc6 bxc6 21. Rd1 Nfd5 22. a3 Nxc3 23. bxc3 Nd5 24. c4 Nb6 25. Qd3 a5 26. Qe4 Qe8 27. Qxe8 Rxe8 28. Bxd8 Rxd8 29. Ne5 Kg8 30. c5 Re8 31. cxb6 Rxe5 32. Rxd6 Rb5 33. Rxc6 h6 34. a4 Rb4 35. Rc5 Rxb6 36. Rxa5 Rb1+ 37. Kh2 Ra1 38. Kg3 Ra2 39. Ra7 Kh7 40. a5 Kg6 41. h4 h5 42. a6 Ra3+ 43. Kf4 Ra4+ 44. Ke5 Ra5+ 45. Kd6 Ra2 46. Kc7 Rc2+ 47. Kb8 Ra2 48. g3 Kh7 49. Kc8 Kg6 50. Ra8 Kf7 51. Kb7 Ke6 52. Rg8 Rb2+ 53. Ka8 Kd6 54. Rxg7 Rxf2 55. Kb7 Rb2+ 56. Kc8 Rc2+ 57. Kd8 Rb2 58. Rb7 Rf2 59. Rb6+ Kc5 60. Rh6 1-0

[Event "Moscow7 Open"]
[Site "Moscow RUS"]
[Date "1991.??.??"]
[Round "?"]
[White "Balashov, Yuri S"]
[Black "Vorotnikov, Vladislav V"]
[Result "1-0"]
[WhiteElo "2590"]
[BlackElo "2415"]
[PlyCount "71"]
[EventDate "1991.09.??"]
[Source "www.chesslib.no"]
[SourceDate "2004.05.04"]

1. e4 e5 2. Nf3 Nc6 3. Bb5 a6 4. Ba4 d6 5. c3 f5 6. exf5 Bxf5 7. O-O Bd3 8. Re1 Be7 9. Bc2 Bxc2 10. Qxc2 Nh6 11. d4 Nf7 12. d5 Nb8 13. c4 Nd7 14. Nc3 Nf6 15. Be3 O-O 16. h3 Qd7 17. Rad1 g6 18. Nd2 Qf5 19. Nde4 h5 20. Qd3 Nxe4 21. Nxe4 b6 22. f3 Bg5 23. Nxg5 Nxg5 24. Qxf5 Rxf5 25. Bxg5 Rxg5 26. g4 hxg4 27. hxg4 b5 28. Kg2 bxc4 29. Kg3 Kg7 30. Re4 Rb8 31. Rxc4 Rxb2 32. Rxc7+ Kf6 33. Rc6 Kg7 34. Rxd6 Rxa2 35. Rd7+ Kf6 36. Rc1 1-0

[Event "FRA Team Ch"]
[Site "France"]
[Date "1994.??.??"]
[Round "?"]
[White "Sokolov, Andrei"]
[Black "Anic, Darko"]
[Result "1-0"]
[WhiteElo "2555"]
[BlackElo "2450"]
[PlyCount "53"]
[EventDate "1994.??.??"]
[Source "www.chesslib.no"]
[SourceDate "2004.05.04"]

1. e4 e5 2. Nf3 Nc6 3. Bb5 a6 4. Ba4 d6 5. c3 f5 6. exf5 Bxf5 7. O-O Bd3 8. Re1 Be7 9. Bc2 Bxc2 10. Qxc2 Nf6 11. d4 e4 12. Ng5 d5 13. f3 h6 14. Nh3 O-O 15. Nd2 exf3 16. Nxf3 Bd6 17. Bxh6 gxh6 18. Qg6+ Kh8 19. Qxh6+ Nh7 20. Nfg5 Qd7 21. Re6 Rae8 22. Rae1 Rxe6 23. Rxe6 Rg8 24. Nxh7 Qxh7 25. Qf6+ Qg7 26. Qh4+ Qh7 27. Rh6 1-0

[Event "Politiken Cup"]
[Site "Helsingor DAN"]
[Date "2008.07.20"]
[Round "3"]
[White "Tiviakov, S."]
[Black "Jepson, C."]
[Result "1-0"]
[WhiteElo "2645"]
[BlackElo "2358"]
[PlyCount "65"]
[EventDate "2008.07.19"]
[Source "www.chesslib.no"]
[SourceDate "2004.05.04"]

1. e4 e5 2. Nf3 Nc6 3. Bb5 a6 4. Ba4 d6 5. c3 f5 6. exf5 Bxf5 7. O-O Bd3 8. Re1 Be7 9. Re3 e4 10. Ne1 Bg5 11. Rh3 b5 12. Nxd3 exd3 13. Bb3 Ne5 14. Bd5 Nf6 15. Bxa8 Qxa8 16. a4 Qd5 17. axb5 axb5 18. c4 bxc4 19. Nc3 Qb7 20. Qa4+ Ke7 21. b3 cxb3 22. f4 Nfg4 23. fxe5 b2 24. exd6+ cxd6 25. Nd5+ Qxd5 26. Bxb2 Rb8 27. Bxg7 h5 28. Re1+ Kf7 29. Bd4 Kg6 30. Rf3 Bxd2 31. Ra1 Bb4 32. Rxd3 Qe4 33. Qd1 1-0

[Event "Linares Anibal op 7th"]
[Site "Linares"]
[Date "2000.01.15"]
[Round "9"]
[White "Sulskis, Sarunas"]
[Black "Yandemirov, Valeri"]
[Result "1-0"]
[WhiteElo "2521"]
[BlackElo "2481"]
[PlyCount "99"]
[EventDate "2000.01.07"]
[Source "ChessBase"]
[SourceDate "2000.04.05"]

1. e4 e5 2. Nf3 Nc6 3. Bb5 a6 4. Ba4 d6 5. c3 f5 6. exf5 Bxf5 7. O-O Bd3 8. Re1 Be7 9. Bc2 Bxc2 10. Qxc2 Nf6 11. d4 e4 12. Nfd2 d5 13. f3 exf3 14. Nxf3 O-O 15. Bg5 Ne4 16. Bxe7 Nxe7 17. Nbd2 Nxd2 18. Qxd2 Ng6 19. Ne5 Qd6 20. Nd3 Nf4 21. Ne5 Ng6 22. Qg5 Nxe5 23. Rxe5 h6 24. Qe3 Rf7 25. Re1 Raf8 26. h4 c6 27. Qg3 Qf6 28. Kh2 Qf2 29. Re7 Qxg3+ 30. Kxg3 g6 31. a4 Kg7 32. h5 gxh5 33. Kh4 Kg8 34. R1e6 Rxe7 35. Rxe7 Rf7 36. Rxf7 Kxf7 37. Kxh5 Kg7 38. a5 Kh7 39. b3 Kg7 40. c4 c5 41. dxc5 dxc4 42. bxc4 Kh7 43. g3 Kg7 44. g4 Kh7 45. g5 hxg5 46. Kxg5 Kg7 47. Kf5 Kf7 48. c6 bxc6 49. Ke5 Ke7 50. c5 1-0

[Event "RUS-Cup02"]
[Site "Moscow"]
[Date "1998.??.??"]
[Round "8"]
[White "Dvoirys, Semen I"]
[Black "Kravtsov, Sergey"]
[Result "1-0"]
[WhiteElo "2585"]
[BlackElo "2415"]
[PlyCount "51"]
[EventDate "1998.01.21"]
[Source "www.chesslib.no"]
[SourceDate "2004.05.04"]

1. e4 e5 2. Nf3 Nc6 3. Bb5 a6 4. Ba4 d6 5. c3 f5 6. exf5 Bxf5 7. d4 e4 8. Ng5 d5 9. f3 h6 10. fxe4 hxg5 11. exf5 Bd6 12. Qf3 Rh4 13. Kd1 Kf8 14. Bb3 Nh6 15. g3 Rh3 16. Qxd5 Qf6 17. Nd2 Ne7 18. Qg2 Ng4 19. Ne4 Qh6 20. Nxg5 Rxh2 21. Rxh2 Qxh2 22. Ne6+ Ke8 23. Nxg7+ Kd7 24. Be6+ Kd8 25. Qxh2 Nxh2 26. f6 1-0

[Event "Pavlograd"]
[Site "Pavlograd"]
[Date "2000.??.??"]
[Round "2"]
[White "Kozakov, Mikhail"]
[Black "Yandemirov, Valeri"]
[Result "1-0"]
[WhiteElo "2489"]
[BlackElo "2505"]
[PlyCount "119"]
[EventDate "2000.09.11"]
[Source "ChessBase"]
[SourceDate "2000.11.10"]

1. e4 e5 2. Nf3 Nc6 3. Bb5 a6 4. Ba4 d6 5. c3 f5 6. exf5 Bxf5 7. O-O Bd3 8. Re1 Be7 9. Bc2 Bxc2 10. Qxc2 Nf6 11. d4 e4 12. Ng5 d5 13. f3 h6 14. Nh3 O-O 15. Nd2 exf3 16. Nxf3 Rf7 17. Nf2 Bd6 18. Bd2 Qd7 19. Ne5 Bxe5 20. dxe5 Ne4 21. Nxe4 dxe4 22. Rxe4 Qf5 23. Bf4 Nd8 24. Bg3 Ne6 25. Re2 Qxc2 26. Rxc2 Rd8 27. Rf1 Nc5 28. Re1 Ne6 29. Rf2 Rxf2 30. Kxf2 Rd2+ 31. Re2 Rxe2+ 32. Kxe2 Kf7 33. Kd3 Ke8 34. Ke4 g6 35. Bf2 h5 36. c4 Kd7 37. Be3 c6 38. a4 Kc7 39. b4 Kd7 40. b5 Kc7 41. Kd3 Kd7 42. Kc3 Nc7 43. Bb6 Ne6 44. Kb4 axb5 45. cxb5 Nf4 46. Bd4 Nxg2 47. e6+ Kxe6 48. bxc6 Kd6 49. Kb5 bxc6+ 50. Kb6 Nf4 51. Bc5+ Kd7 52. a5 Nd5+ 53. Kb7 Nc7 54. h4 g5 55. hxg5 h4 56. g6 Ne6 57. Bg1 h3 58. a6 Nc5+ 59. Kb6 Nxa6 60. g7 1-0

[Event "Minsk"]
[Site "Minsk"]
[Date "1994.??.??"]
[Round "2"]
[White "Nielsen, Peter Heine"]
[Black "Yandemirov, Valeri"]
[Result "0-1"]
[WhiteElo "2475"]
[BlackElo "2510"]
[PlyCount "88"]
[EventDate "1994.02.??"]
[Source "ChessBase"]

1. e4 e5 2. Nf3 Nc6 3. Bb5 a6 4. Ba4 d6 5. c3 f5 6. exf5 Bxf5 7. O-O Bd3 8. Re1 Be7 9. Bc2 Bxc2 10. Qxc2 Nf6 11. d4 Qd7 12. dxe5 Nxe5 13. Nxe5 dxe5 14. Bg5 O-O-O 15. Nd2 h6 16. Bxf6 gxf6 17. Rad1 Qe6 18. Qb3 Qxb3 19. axb3 Rd5 20. Nc4 Rhd8 21. Rxd5 Rxd5 22. Kf1 Kd7 23. g4 Bc5 24. b4 Ba7 25. Ke2 Ke6 26. Rg1 e4 27. h3 h5 28. gxh5 Rxh5 29. Rg7 Rxh3 30. Rxc7 Rh2 31. Ne3 Bxe3 32. Kxe3 f5 33. Rxb7 Rh3+ 34. Ke2 f4 35. Rb6+ Kf5 36. Kf1 Rh1+ 37. Kg2 Rb1 38. Rb8 f3+ 39. Kh2 Kg4 40. Rg8+ Kf4 41. Rf8+ Kg4 42. Rg8+ Kf4 43. Rh8 Kg5 44. Rg8+ Kh6 0-1

[Event "Russia (ch) 74/360"]
[Site "?"]
[Date "1998.??.??"]
[Round "?"]
[White "Galkin, Alexander"]
[Black "Vorotnikov, Vladislav V"]
[Result "1/2-1/2"]
[WhiteElo "2540"]
[BlackElo "2440"]
[PlyCount "50"]
[EventDate "1998.??.??"]
[Source "ChessBase"]
[SourceDate "1998.10.01"]

1. e4 e5 2. Nf3 Nc6 3. Bb5 a6 4. Ba4 d6 5. c3 f5 6. exf5 Bxf5 7. O-O Bd3 8. Re1 Be7 9. Bc2 Bxc2 10. Qxc2 Nf6 11. d4 exd4 12. cxd4 O-O 13. Nc3 Kh8 14. Bg5 d5 15. Rad1 Bd6 16. Ne5 Qe8 17. Bxf6 gxf6 18. Nxc6 Qh5 19. g3 bxc6 20. Qa4 Rab8 21. Qxc6 Rxb2 22. Qxd5 Qxd5 23. Nxd5 Rxa2 24. Ra1 Rd2 25. Rxa6 Rxd4 1/2-1/2

[Event "Europa ch 2008"]
[Site "Plovdiv BUL"]
[Date "2008.04.25"]
[Round "5.108"]
[White "Filev, Georgi"]
[Black "Mastrovasilis, Dimitrios"]
[Result "0-1"]
[WhiteElo "2392"]
[BlackElo "2580"]
[PlyCount "136"]
[EventDate "2008.04.21"]
[Source "www.chesslib.no"]
[SourceDate "2004.05.04"]

1. e4 e5 2. Nf3 Nc6 3. Bb5 a6 4. Ba4 d6 5. c3 f5 6. exf5 Bxf5 7. O-O Bd3 8. Re1 Nf6 9. Bc2 Bxc2 10. Qxc2 Be7 11. d4 e4 12. Ng5 d5 13. Nd2 h6 14. Nh3 O-O 15. f3 exf3 16. Nxf3 Rf7 17. Nf2 Bd6 18. Bd2 Qf8 19. Re2 Re7 20. Rae1 Rae8 21. Rxe7 Rxe7 22. Qf5 Rxe1+ 23. Bxe1 Qe8 24. Bd2 Kf7 25. b3 Qe2 26. Qd3 Qe6 27. Qe3 Qf5 28. Qd3 Qe6 29. Qe3 Qd7 30. Qe2 Ne7 31. Nd3 Qf5 32. Nfe5+ Kg8 33. Qf1 Ne4 34. Be1 Qg5 35. Qf3 Nf5 36. Qf4 Bxe5 37. dxe5 Ne3 38. Qxg5 hxg5 39. Bf2 Nd1 40. Be1 Kf7 41. c4 dxc4 42. bxc4 Ne3 43. c5 Ke6 44. c6 b6 45. Nb4 a5 46. Na6 Nd5 47. Kf1 Kxe5 48. Ke2 Kd6 49. Kf3 Nec3 50. Kg4 Kxc6 51. Kxg5 Kb7 52. Kg6 Nxa2 53. Kxg7 Kxa6 54. h4 a4 55. h5 Nab4 56. h6 a3 57. h7 a2 58. Bc3 Nxc3 59. h8=Q Kb7 60. Qh1 Nb1 61. g4+ Nc6 62. g5 a1=Q+ 63. Kh7 Qe5 64. g6 Qf5 65. Kh6 Nc3 66. g7 Qe6+ 67. Kh7 Ne4 68. g8=Q Nf6+ 0-1

[Event "Wijk op"]
[Site "Wijk aan Zee"]
[Date "1993.??.??"]
[Round "6"]
[White "Schmittdiel, Eckhard"]
[Black "Winants, Luc"]
[Result "1/2-1/2"]
[WhiteElo "2450"]
[BlackElo "2520"]
[PlyCount "81"]
[EventDate "1993.01.??"]
[Source "ChessBase"]

1. e4 e5 2. Nf3 Nc6 3. Bb5 a6 4. Ba4 d6 5. c3 f5 6. exf5 Bxf5 7. O-O Bd3 8. Re1 Be7 9. Re3 e4 10. Nd4 Qd7 11. Nxc6 bxc6 12. Qb3 Nf6 13. Rxd3 exd3 14. Qc4 d5 15. Qxc6 Qxc6 16. Bxc6+ Kf7 17. Bxa8 Rxa8 18. b4 Re8 19. Kf1 Bd6 20. Ba3 Ng4 21. g3 Re2 22. b5 axb5 23. Bxd6 cxd6 24. a4 bxa4 25. Rxa4 Re4 26. Rd4 Nxh2+ 27. Kg2 Rxd4 28. cxd4 Ng4 29. f3 Nf6 30. Kf2 h5 31. Nc3 g5 32. Ke3 Ke6 33. Nd1 Ng8 34. Nf2 Ne7 35. g4 h4 36. Nh3 Kf6 37. Kxd3 Ng6 38. Ke3 Nf8 39. f4 Ne6 40. f5 Nd8 41. Nf2 1/2-1/2

[Event "RUS-Cup"]
[Site "Krasnoiarsk"]
[Date "1998.??.??"]
[Round "6"]
[White "Zaitsev, Vadim"]
[Black "Yandemirov, Valeri"]
[Result "1/2-1/2"]
[WhiteElo "2425"]
[BlackElo "2545"]
[PlyCount "36"]
[EventDate "1998.??.??"]
[Source "www.chesslib.no"]
[SourceDate "2004.05.04"]

1. e4 e5 2. Nf3 Nc6 3. Bb5 a6 4. Ba4 d6 5. c3 f5 6. d4 fxe4 7. Nxe5 dxe5 8. Qh5+ Ke7 9. Bxc6 bxc6 10. Bg5+ Nf6 11. dxe5 Qd5 12. f4 exf3 13. O-O Kd7 14. e6+ Kxe6 15. Re1+ Kd7 16. Qh3+ Kd8 17. Qxf3 Qxg5 18. Nd2 Bg4 1/2-1/2

[Event "Corr"]
[Site "?"]
[Date "1999.??.??"]
[Round "?"]
[White "Buraschi Osvaldo"]
[Black "Miettinen Kristo S"]
[Result "1-0"]
[WhiteElo "2502"]
[BlackElo "2468"]
[PlyCount "99"]
[EventDate "1999.??.??"]
[Source "www.chesslib.no"]
[SourceDate "2004.05.04"]

1. e4 e5 2. Nf3 Nc6 3. Bb5 a6 4. Ba4 d6 5. c3 f5 6. exf5 Bxf5 7. O-O Bd3 8. Re1 Nge7 9. Re3 e4 10. Ne1 Nf5 11. Rh3 Bb5 12. Bc2 Nce7 13. Bxe4 d5 14. Bf3 Ng6 15. d4 Be7 16. a4 Bc6 17. Bh5 O-O 18. Bxg6 hxg6 19. Nd3 Bd7 20. Ne5 Nd6 21. Rf3 Re8 22. Re3 Bh4 23. Nd2 Bf5 24. Ndf3 Bf6 25. h3 Rc8 26. Re1 g5 27. Be3 Nc4 28. Nxc4 dxc4 29. Nd2 Qd5 30. Qe2 Be6 31. f3 Bf7 32. Ne4 Bg6 33. Bf2 Rcd8 34. Qc2 Bf5 35. Re3 Re6 36. Rae1 Rde8 37. Qe2 Be7 38. Nd2 Bd3 39. Rxe6 Bxe2 40. R1xe2 Kf7 41. R6e5 Qc6 42. a5 Qa4 43. g3 c6 44. Kg2 Qa2 45. Nf1 Qb1 46. Nh2 Qa1 47. Ng4 Qd1 48. R5e4 Qb3 49. Ne5+ Kf6 50. f4 1-0

[Event "Goodricke 11th op"]
[Site "Calcutta"]
[Date "2000.02.16"]
[Round "11"]
[White "Konguvel, Ponnuswamy"]
[Black "Ibragimov, Ildar"]
[Result "1/2-1/2"]
[WhiteElo "2356"]
[BlackElo "2611"]
[PlyCount "95"]
[EventDate "2000.02.05"]
[Source "ChessBase"]
[SourceDate "2000.03.10"]

1. e4 e5 2. Nf3 Nc6 3. Bb5 a6 4. Ba4 d6 5. c3 f5 6. exf5 Bxf5 7. O-O Bd3 8. Re1 Be7 9. Bc2 Bxc2 10. Qxc2 Nf6 11. d4 e4 12. Ng5 d5 13. f3 h6 14. Nh3 O-O 15. Nd2 exf3 16. Nxf3 Rf7 17. Nf4 Bd6 18. Ne6 Qd7 19. Bxh6 Ne4 20. Neg5 gxh6 21. Nxf7 Qxf7 22. c4 Ng5 23. Nxg5 hxg5 24. cxd5 Nxd4 25. Qd3 Qh7 26. Qxh7+ Kxh7 27. Re4 Rf8 28. g3 Rf5 29. Kg2 Rxd5 30. Rd1 c5 31. b4 b6 32. bxc5 Bxc5 33. h4 Kg6 34. Rg4 b5 35. Rxg5+ Rxg5 36. hxg5 Kxg5 37. Kf2 Kg4 38. Ke3 Nf5+ 39. Ke4 Nxg3+ 40. Kd5 Bf2 41. a4 Ne2 42. Rd2 Nf4+ 43. Kc6 Be3 44. axb5 Bxd2 45. bxa6 Be3 46. Kb7 Ne6 47. a7 Bxa7 48. Kxa7 1/2-1/2

[Event "Lvov"]
[Site "Lvov"]
[Date "1995.??.??"]
[Round "2"]
[White "Mikhalchishin, Adrian"]
[Black "Yandemirov, Valeri"]
[Result "1/2-1/2"]
[WhiteElo "2505"]
[BlackElo "2460"]
[PlyCount "51"]
[EventDate "1995.12.??"]
[Source "ChessBase"]

1. e4 e5 2. Nf3 Nc6 3. Bb5 a6 4. Ba4 d6 5. c3 f5 6. exf5 Bxf5 7. O-O Bd3 8. Re1 Be7 9. Bc2 Bxc2 10. Qxc2 Nf6 11. d4 exd4 12. Nxd4 Nxd4 13. cxd4 Qd7 14. Nc3 O-O 15. Qb3+ d5 16. Bf4 c6 17. f3 Rae8 18. Be5 Nh5 19. Ne4 Nf4 20. Rad1 Ng6 21. Bg3 Rf7 22. Nf2 Bf6 23. Rxe8+ Qxe8 24. Ng4 Re7 25. Kf1 Qd7 26. Qd3 1/2-1/2